000 00791cam a22002535a 4500
001 L159355
008 161014s2015 xxk f 000 0 eng d
020 _a9780470659090
035 _a(Sirsi) u159355
041 0 _aeng
050 0 4 _a690.23
100 1 _aRobinson, Herbert
245 0 0 _aDesign economics for the build environment
_bImpact of sustainability on project evaluation
260 _aChichester
_bWiley Blackwell
_c2015
300 _axxvi, 405p 24 cm
520 _aConsiders the theories, principles and approaches to design economics. Illustrated with case studies.
590 _aKA
651 4 _aUnited Kingdom
_y
690 _aConstruction management
_96230
700 1 _aSymonds, Barry
700 1 _aGilbertson, Barry
700 _aIlozor, Benedict
942 _n0
999 _c115831
_d115831